00788 2200193 4500245003900000020001800039250001100057100000900068700002000077700001600097650002000113005001900133260003000152041001400182084000800196300002700204500035400231336000900585 aBukan Cinta CinderellacUssyhText a979-780-807-6 aCet. 1 aUssy aAndhika Pratama aConnie Wong aNovel Indonesia a20231010111257 aJakartabEnterMediac2015 aIndonesia a813 avi, 162 hlm. :c29 cm. asiapa bilang cinta itu mudah?aku rasa terlalu banyak orang melebih-lebihkan arti dan cara mencintai.love is simply overrated!ini aku, ussy.aku nggak butuh dicintai laki laki,mereka adalah makhluk yang merepotkan. bagiku,cinta kedua anak dan keluargaku sudah lebih dari sekedar cukup.cinta adalah pengorbanan dan inilah pengorbananku atas nama cinta. atext